Manual of field experimentation on rubber. Pt 2. Recording techniques (Record no. 43406)

MARC details
000 -LEADER
fixed length control field 00398nam a2200121Ia 4500
082 ## - DEWEY DECIMAL CLASSIFICATION NUMBER
Classification number NR:63 (035)
Item number FAO.40
100 ## - MAIN ENTRY--AUTHOR NAME
Personal name Pardekooper, E C
245 #0 - TITLE STATEMENT
Title Manual of field experimentation on rubber. Pt 2. Recording techniques
260 ## - PUBLICATION, DISTRIBUTION, ETC. (IMPRINT)
Place of publication Medan
Name of publisher FAO
Year of publication 1976
490 ## - SERIES STATEMENT
Series statement Strengthening research on rubber and oil palm in North Sumatra 135
942 ## - ADDED ENTRY ELEMENTS (KOHA)
Koha item type Books
Holdings
Withdrawn status Lost status Damaged status Not for loan Collection code Home library Current library Date acquired Source of acquisition Full call number Accession Number Koha item type
        Official use RRII Library RRII Library 16/12/2021 Gift NR:63 (035) FAO.40 G00128 Books